000 00625nam a22002052 4500
001 0000007502
005 20151217145838.0
008 080208s xx 000 0 eng d
020 _a0761961410 :
_cKES
040 _aKABU
_cKABU
100 1 _aFreebody, Peter.
_@0000158743
245 1 0 _aQualitative research in education :
_binteraction and practice /
_cPeter Freebody.
260 _aLondon :
_bSage,
_c2003.
300 _axi, 234 p.
650 0 _aEducation
_xResearch.
_@0000148150
650 0 _aQualitative research.
_@0000158744
908 _a080208
950 _@1
999 _c3223
_d3223